Δημοκρατία και ευρωπαϊκη ολοκλήρωση : τρία άρθρα

Αποθηκεύτηκε σε:
Λεπτομέρειες βιβλιογραφικής εγγραφής
Κύριος συγγραφέας: Παπαδημητρίου, Γιώργος Αλ., 1944-
Μορφή: Βιβλίο
Γλώσσα:Greek
Δημοσίευση: Αθήνα : Αντ. Ν. Σάκκουλα, 1993.
Σειρά:Τετράδια συνταγματικού δικαίου
Θέματα:
Ετικέτες: Προσθήκη ετικέτας
Δεν υπάρχουν, Καταχωρήστε ετικέτα πρώτοι!

MARC

LEADER 00000nam a2200000 i 4500
001 1/97553
008 991222s1993####gr ||| | gre||
035 |l 10056179 
040 |a GR-MY-UA  |b gre  |e aacr 
041 0 |a gre 
082 0 |a 321.8  
100 1 |a Παπαδημητρίου, Γιώργος Αλ.,   |d 1944- 
245 1 0 |a Δημοκρατία και ευρωπαϊκη ολοκλήρωση :   |b τρία άρθρα /   |c Γιώργος Παπαδημητρίου.  
260 |a Αθήνα :   |b Αντ. Ν. Σάκκουλα,   |c 1993.  
300 |a 55 σ.  
490 1 |a (Τετράδια συνταγματικού δικαίου ;   |v 21)  
650 0 0 |a Political rights  |z European Union countries. 
650 0 0 |a Speeches, addresses, etc. 
650 0 0 |a Democracy  |z European Union countries. 
830 0 |a Τετράδια συνταγματικού δικαίου 
852 |a INST  |b LESVOS  |c BK  |e 19991222  |h 321.8 ΠΑΠ  |p 005100022297  |q 005100022297  |t BK  |y 0 
901 |a BIBL1-2000-1 
909 |a Λ  |b 071736 
922 |a 1ΕΛΗ  |b 199912  |c ΤΑΚ/ΤΚ  |d ΠΑΠΑΣΩΤΗΡΙΟΥ 
950 |a 103-1999-11-11 
970 |a ΤΖΑΦΕΡΗ  |b ΕΥΑΓΓΕΛΙΑ  |z 2000/01/04